000 00583nam a2200169 i 4500
001 127034
003 ES-MaACL
005 20230906192929.0
007 t|
008 070214s1927 ve |||| | spa d
100 1 _aRey Zozaya, Francisco.
_996548
245 1 0 _aEstereofotogrametría, desarrollo y progreso en estos últimos años
_b: interesantes aplicaciones en topografía, geología y milicia /
_cFrancisco Rey Zozaya.
260 _aCaracas :
_b[s.n.],
_c1927 (
_fTip. Vargas)
300 _a20 p. ;
_c22 cm.
650 0 4 _aFotogrametría.
_912969
852 _aES-MaACL
_j1723-F-16
999 _c127034
_d127034